000 00254nam a2200085Ia 4500
008 160617s9999 xx 000 0 und d
245 _aJournal of Medical Engineering
650 _aMEDICAL TECHNOLOGY
856 _uhttp://www.hindawi.com/journals/jme/contents/
999 _c295968
_d295968